| 000 | 00407cam a2200157 4500 | ||
|---|---|---|---|
| 001 | D10990 | ||
| 008 | 090401t xxu||||| |||| 00| 0 eng d | ||
| 035 | _a(Sirsi) u97130 | ||
| 041 | _aeng | ||
| 100 | _aLee, A.J.E | ||
| 245 | _aUltra precise taking-off | ||
| 350 | _a0 | ||
| 520 | _aIn: RICS. Computer generated quantities. Q.S. Division seminar...1979. RICS. 1979/11A | ||
| 942 | _n0 | ||
| 948 | _c04/03/1997 | ||
| 999 |
_c98789 _d98789 |
||